| 000 | 00843nmc a2200301 a 4500 | ||
|---|---|---|---|
| 003 | AR-BaBNM | ||
| 005 | 20251128211349.0 | ||
| 008 | 034020s1990 ||||||||||||||000 | spa|| | ||
| 020 | _a958-04-1021-6 | ||
| 040 | _cAR-BaBNM | ||
| 100 | 1 | _aHawthorne, Nathaniel | |
| 245 | 1 | 0 |
_aEl holocausto del mundo _b; A propósito de Hawthorne y su obra |
| 250 | _a1ª ed. | ||
| 260 |
_aSantafé de Bogotá _bNorma _c1990 |
||
| 300 | _ap. irreg. | ||
| 490 | 0 | _aCara y cruz | |
| 500 | _aReferencias bibliográficas | ||
| 650 | 4 | _aLITERATURA ESTADOUNIDENSE | |
| 650 | 4 | _aSIGLO DIECINUEVE | |
| 650 | 4 | _aFILOSOFIA LITERARIA | |
| 653 | _aFILOSOFIA MORAL | ||
| 653 | _aNARRATIVA | ||
| 655 | _aLITERATURA | ||
| 700 | 1 |
_aRestrepo L., Carlos José _etraductor |
|
| 740 | 0 | _aA propósito de Hawthorne y su obra | |
| 942 | _cBK | ||
| 998 | _cmartin | ||
| 999 |
_c19352 _d19352 |
||